Instructor's manual practicing management

Guardat en:
Dades bibliogràfiques
Autor principal: Griffin, Ricky W (Autor)
Format: Llibre
Idioma:anglès
Publicat: Boston Houghton Mifflin 1984
Matèries:
Etiquetes: Afegir etiqueta
Sense etiquetes, Sigues el primer a etiquetar aquest registre!

MARC

LEADER 00000nam a2200000 a 4500
001 UCT8404
003 CL-VaPUC
008 970326e19840000US |||||||||||||||||eng|d
082 0 4 |a 658.001  |b GRI  |2 21 
100 |a Griffin, Ricky W  |e author  |9 598319 
245 1 0 |a Instructor's manual practicing management 
300 |a 107 p 
942 |c BK 
945 |d 19970326 00:00:00  |a nastorga 
260 |a Boston  |b Houghton Mifflin   |c 1984 
650 0 |a Administración  |9 259325 
650 0 |a Organización  |9 256369 
650 7 |a PLANIFICACION  |2 CL-VaPUC  |9 260802 
650 7 |a ESTRATEGIA  |2 CL-VaPUC  |9 332132 
650 0 |a Información  |9 256927 
650 7 |a RECURSOS  |2 CL-VaPUC  |9 338276 
650 0 |a Contabilidad   |9 261430 
650 0 |a Empresas   |9 255569 
650 0 |a Producción   |9 263680 
583 |a last modification  |c 20170525 12:04:19  |k Rodrigo Vera 
999 |c 256905  |d 256903 
952 |0 0  |1 0  |4 0  |6 658_001000000000000_GRI_1984  |7 0  |8 A  |9 280025  |a BIBING  |b BIBING  |d 2019-11-19  |i 3288978  |o 658.001 GRI 1984  |p 3288978  |r 2025-01-20  |w 2019-11-19  |y BK  |k EII